000 00549nam a2200205 4500
001 120900
003 ES-MaACL
005 20250911062652.0
007 t|
008 070214s1948 sp r ||||1| spa d
100 1 _aPombo Angulo, Manuel.
_992912
245 1 0 _aHospital general /
_cManuel Pombo Angulo.
250 _a2ª. ed.
260 _aBarcelona :
_bDestino,
_c1948.
300 _a328 p. ;
_c19 cm.
490 1 _aAncora y delfín
830 0 0 _aÁncora y Delfín
_9151298
852 _aES-MaACL
_jC-5135
_bR.27219
999 _c120900
_d120900